| 000 | 00859nab a2200265 a 4500 | ||
|---|---|---|---|
| 005 | 20210223132101.0 | ||
| 008 | 991125s1985 mx 000 0 spa u | ||
| 035 | _aUPN01000191220 | ||
| 100 | 1 | _aPérez de Landazabal Expósito, María del Carmen | |
| 222 | _aINFANCIA Y APRENDIZAJE = | ||
| 222 | _bJOURNAL FOR THE STUDY OF EDUCATION AND DEVELOPMENT | ||
| 245 | _aAssessment for learning : science teachers ideas on assessment of core competences in science understanding | ||
| 260 | _aMadrid, España | ||
| 300 | _a201-213 | ||
| 362 | 0 | _a2012 Vol. 35, no. 2, may. | |
| 653 | 0 | _aCOMPETENCIAS | |
| 653 | 0 | _aCONOCIMIENTO CIENTIFICO | |
| 653 | 0 | _aEVALUACION | |
| 653 | 0 | _aEDUCACION SECUNDARIA | |
| 700 | 1 | _aVarela Nieto, María Paloma, | |
| 700 | 1 | _ecoaut. | |
| 700 | 1 |
_aAlonso Tapia, Jesús _930694 |
|
| 700 | 1 | _ecoaut. | |
| 905 | _aArticulo | ||
| 999 |
_c163323 _d163323 |
||